[Event "World Cup"]
[Site "Khanty-Mansiysk RUS"]
[Date "2007.11.26"]
[Round "1.5"]
[White "Sasikiran,K"]
[Black "Zhigalko,S"]
[Result "1-0"]
[WhiteElo "2661"]
[BlackElo "2562"]
[EventDate "2007.11.24"]

1. d4 Nf6 2. c4 e6 3. Nf3 b6 4. Nc3 Bb7 5. a3 g6 6. g3 Bg7 7. Bg2 O-O 8.
O-O Ne4 9. Bd2 Nxc3 10. Bxc3 d5 11. cxd5 exd5 12. Rc1 Re8 13. b4 Nd7 14. a4
Nf6 15. b5 c5 16. dxc5 bxc5 17. Bxf6 Qxf6 18. Rxc5 d4 19. Ne1 Rab8 20. Rc7
Bxg2 21. Nxg2 a6 22. Rc6 Re6 23. Rxe6 Qxe6 24. Nf4 Qc4 25. bxa6 Ra8 26. Qd3
Qxa4 27. Rb1 Rxa6 28. Rb8+ Bf8 29. Qe4 Qc6 30. Qxc6 Rxc6 31. Rd8 Rd6 32.
Ra8 Kg7 33. g4 Be7 34. Kg2 Rd7 35. h3 Bg5 36. Nd3 Re7 37. Kf3 Bd2 38. Rd8
Bc3 39. Nf4 Rb7 40. Kg2 Re7 41. Kf1 Rb7 42. h4 h6 43. Kg2 Re7 44. Kf3 Rb7
45. h5 g5 46. Nd3 Re7 47. Rd5 Re8 48. Nc5 Ra8 49. Ne4 Ra7 50. Ng3 Ra3 51.
Kg2 Ra2 52. Rd6 Kh7 53. Rd7 Kg7 54. Rd6 Kh7 55. Rc6 Rb2 56. Kf3 Rb3 57. Nf5
Bb4+ 58. Ke4 Bf8 59. Rc8 Bg7 60. Rc7 Kg8 61. Rc6 Rb2 62. Kf3 Rb3+ 63. Kg2
Kh7 64. Rc7 Kg8 65. Rd7 Rb2 66. Kf3 Rb3+ 67. Kg2 Rb2 68. Re7 Ra2 69. Re8+
Kh7 70. Nd6 Ra7 71. Rd8 Ra2 72. Nxf7 Rxe2 73. Nd6 Re7 74. Nf5 Ra7 75. Kf3
Rb7 76. Ke4 Ra7 77. Re8 Bf6 78. Re6 Rf7 79. Rd6 Bg7 80. Re6 Bf6 81. Kd3 Rf8
82. f3 Rf7 83. Re8 Ra7 84. Rc8 Rb7 85. Rc6 Rf7 86. Nd6 Rd7 87. Rb6 Be7 88.
Nf5 Bf8 89. Rf6 Bg7 90. Re6 Bf8 91. Re8 Bg7 92. Re7 Rxe7 93. Nxe7 Bf6 94.
Nf5 Be5 95. Ke4 Bf6 96. Nxd4 Bg7 97. Nf5 Bf6 98. Kd5 Bc3 99. Ke6 Bb2 100.
Kf7 Bc3 101. Ne7 1-0

[Event "World Cup"]
[Site "Khanty-Mansiysk RUS"]
[Date "2007.11.26"]
[Round "1.5"]
[White "Tomashevsky,E"]
[Black "Mamedov,Rau"]
[Result "1-0"]
[WhiteElo "2646"]
[BlackElo "2586"]
[EventDate "2007.11.24"]

1. Nf3 Nf6 2. c4 g6 3. Nc3 Bg7 4. e4 d6 5. d4 O-O 6. Be2 Bg4 7. Be3 Nfd7 8.
Rc1 c5 9. d5 Na6 10. O-O Nc7 11. h3 Bxf3 12. Bxf3 a6 13. a4 Re8 14. Be2 e6
15. Qd2 exd5 16. exd5 f5 17. a5 Rb8 18. Ra1 Qf6 19. Ra2 Qh4 20. Rd1 Rxe3
21. Qxe3 Bd4 22. g3 Qf6 23. Qh6 Re8 24. Kg2 Ne5 25. Qd2 g5 26. Bh5 Rf8 27.
Ne2 Qh6 28. Nxd4 cxd4 29. Be2 f4 30. Ra3 Ne8 31. Qxd4 Ng7 32. Bg4 Qg6 33.
Re1 Nf5 34. Bxf5 Qxf5 35. Qe4 f3+ 36. Kh2 Qd7 37. Ree3 g4 38. h4 Qc8 39.
Rac3 Qc5 40. Qc2 Rf7 41. b4 Qd4 42. Re4 1-0

[Event "World Cup"]
[Site "Khanty-Mansiysk RUS"]
[Date "2007.11.26"]
[Round "1.5"]
[White "Akobian,V"]
[Black "Roiz,M"]
[Result "0-1"]
[WhiteElo "2585"]
[BlackElo "2644"]
[EventDate "2007.11.24"]

1. d4 Nf6 2. c4 g6 3. Nc3 d5 4. Bg5 Ne4 5. Bh4 Nxc3 6. bxc3 dxc4 7. e3 Be6
8. Rb1 Nd7 9. Nf3 Nb6 10. a4 a5 11. Be2 Bg7 12. O-O O-O 13. e4 Bd7 14. Qc1
Bxa4 15. Qa3 Qd6 16. Bxe7 Qxa3 17. Bxa3 Rfe8 18. Nd2 Bc2 19. Rb2 Bd3 20.
Bxd3 cxd3 21. e5 Reb8 22. f4 Nd5 23. c4 Nc3 24. Kf2 b5 25. cxb5 Rxb5 26.
Ke3 Nd5+ 27. Kxd3 Rxb2 28. Bxb2 a4 29. Ba3 Bf8 30. Bxf8 Kxf8 31. g3 Ke7 32.
Ra1 h5 33. Ra3 Ke6 34. Ne4 Nb6 35. Nc3 c6 36. h3 Kd7 37. Ke4 Ke6 38. Kd3
Ra7 39. Kc2 Kf5 40. Kd3 h4 41. gxh4 Kxf4 42. Ne4 Kf5 43. Nd6+ Ke6 44. Ne4
Ra8 45. Nc5+ Ke7 46. Kc3 Rh8 47. Kb4 Rxh4 48. Rd3 g5 49. Nxa4 Nxa4 50. Kxa4
c5 51. Kb5 cxd4 52. Kc4 Ke6 53. Rf3 Kxe5 54. Rxf7 Rxh3 55. Re7+ Kf6 56. Rd7
d3 57. Rd5 Kg6 58. Rd8 Kf5 59. Rd5+ Kg4 60. Rd4+ Kh5 61. Rd5 Kh4 62. Kc3 g4
63. Kd2 Rf3 0-1

[Event "World Cup"]
[Site "Khanty-Mansiysk RUS"]
[Date "2007.11.26"]
[Round "1.5"]
[White "Vitiugov,N"]
[Black "Sakaev,K"]
[Result "1/2-1/2"]
[WhiteElo "2594"]
[BlackElo "2634"]
[EventDate "2007.11.24"]

1. d4 d5 2. Nf3 a6 3. g3 c6 4. Bg2 Bg4 5. Ne5 Bf5 6. c4 e6 7. Qb3 Ra7 8.
O-O Nf6 9. cxd5 exd5 10. Nc3 Be7 11. Bf4 O-O 12. Rad1 Nbd7 13. f3 Be6 14.
Qc2 Ra8 15. e4 Rc8 16. Nxd7 Nxd7 17. Be3 b5 18. e5 c5 19. f4 cxd4 20. Bxd4
b4 21. f5 bxc3 22. bxc3 Bc5 23. Qe2 Qa5 24. fxe6 fxe6 25. Bh3 Qb6 26. Qg4
Bxd4+ 27. cxd4 Rxf1+ 28. Rxf1 Nf8 29. Qf4 h6 30. Kh1 Kh7 31. Bf5+ Kg8 32.
Bd3 Qa7 33. h4 Qe7 34. Rf3 a5 35. a4 Nd7 36. Qd2 Rf8 37. Rxf8+ Qxf8 38. Kg2
Qd8 39. Bb5 Nf8 40. Qc3 Ng6 41. Bd3 Ne7 42. Qc5 Kf7 43. h5 g6 44. Qc1 Kg7
45. Qf4 Qf8 46. Qg4 Qf7 47. hxg6 Qg8 48. Kh3 Nc6 49. Bb5 Ne7 50. Bd3 Nc6
51. Kh4 Qe8 52. Qf4 Qe7+ 53. Kh3 Nb4 54. Be2 Nc6 55. Bg4 Kxg6 56. Qd2 Kg7
57. Qc3 Qe8 58. Qc5 h5 59. Be2 Ne7 60. Qxa5 Nf5 61. Qb5 Qg6 62. Qd3 Qg5 63.
Qf3 Nxd4 64. Qxh5 Qe3 65. Bg4 Qc1 66. Kh2 Qd2+ 67. Kh3 Qc1 68. Bf3 Qe3 69.
Bg4 Qc1 70. Kh2 1/2-1/2

[Event "World Cup"]
[Site "Khanty-Mansiysk RUS"]
[Date "2007.11.26"]
[Round "1.5"]
[White "Kozul,Z"]
[Black "Bruzon Batista,L"]
[Result "1/2-1/2"]
[WhiteElo "2609"]
[BlackElo "2607"]
[EventDate "2007.11.24"]

1. d4 Nf6 2. c4 e6 3. Nf3 Bb4+ 4. Nbd2 b6 5. a3 Bxd2+ 6. Qxd2 Bb7 7. e3 d6
8. Bd3 Nbd7 9. O-O O-O 10. b4 e5 11. Bf5 exd4 12. Nxd4 Ne5 13. Qc2 c5 14.
Nb3 Qe7 15. f3 Bc8 16. Bd3 Nxd3 17. Qxd3 Be6 18. Bb2 Rad8 19. e4 b5 20. Na5
bxc4 21. Qe3 Rc8 22. b5 Bd7 23. a4 d5 24. Qg5 d4 25. Nxc4 h6 26. Qh4 Be6
27. Rfc1 Bxc4 28. Rxc4 Qe6 29. Rac1 Rfd8 30. Qh3 Qxh3 31. gxh3 d3 32. Bxf6
gxf6 33. Kf2 d2 34. Rd1 Rd3 35. Ke2 Rcd8 36. Rxc5 Ra3 37. Rxd2 Rxd2+ 38.
Kxd2 Rxa4 39. Kc3 Kg7 40. Rc6 Ra3+ 41. Kb4 Rxf3 42. Ra6 Rf4 43. Rxa7 Rxe4+
44. Ka5 f5 45. b6 Re1 46. Rc7 Rb1 47. b7 f4 48. Ka6 f3 49. Rc2 Kg6 50. Rc6+
Kg7 51. Rc2 Kg6 52. Rf2 Ra1+ 53. Kb6 Rb1+ 54. Kc7 Rc1+ 55. Kd7 Rb1 56. Kc7
1/2-1/2

[Event "World Cup"]
[Site "Khanty-Mansiysk RUS"]
[Date "2007.11.26"]
[Round "1.6"]
[White "Nguyen Ngoc Truong Son"]
[Black "Van Wely,L"]
[Result "0-1"]
[WhiteElo "2530"]
[BlackElo "2679"]
[EventDate "2007.11.24"]

1. e4 c5 2. Nf3 e6 3. d4 cxd4 4. Nxd4 Nf6 5. Nc3 d6 6. Be2 a6 7. O-O Qc7 8.
Kh1 b5 9. a3 Bb7 10. Bd3 Nbd7 11. f4 Be7 12. Qf3 O-O 13. Be3 Rfe8 14. Rae1
Bf8 15. Qh3 Nc5 16. Bg1 g6 17. Nf3 Nh5 18. Be3 Bg7 19. Bd2 Rad8 20. Kg1 Qb6
21. Rf2 Na4 22. Nxa4 bxa4 23. e5 Bh6 24. Qh4 Bxf3 25. gxf3 dxe5 26. Rxe5
Rd5 27. Rxd5 exd5 28. Kf1 Qxb2 29. Rg2 Bxf4 30. Be1 Qa1 31. Re2 Rxe2 32.
Kxe2 Qe5+ 33. Kd1 Bg5 34. Qg4 Qa1+ 35. Ke2 Nf4+ 36. Kf2 Qd4+ 37. Kf1 Bf6
38. Bxa6 h5 39. Qc8+ Kg7 40. Bb4 Qd1+ 41. Kf2 Bh4+ 42. Ke3 Ng2+ 0-1

[Event "World Cup"]
[Site "Khanty-Mansiysk RUS"]
[Date "2007.11.26"]
[Round "1.6"]
[White "Zhigalko,S"]
[Black "Sasikiran,K"]
[Result "1/2-1/2"]
[WhiteElo "2562"]
[BlackElo "2661"]
[EventDate "2007.11.24"]

1. e4 c5 2. Nf3 d6 3. d4 cxd4 4. Qxd4 a6 5. Bc4 Nc6 6. Qd3 e6 7. Nc3 Qc7 8.
Bb3 Nf6 9. Bf4 Ne5 10. Qe2 Be7 11. Bg3 b5 12. Nd4 b4 13. Na4 Bd7 14. a3 Nc6
15. Nxc6 Qxc6 16. f3 bxa3 17. Rxa3 O-O 18. Ra1 d5 19. exd5 Nxd5 20. O-O Bf6
21. Rfd1 Rfd8 22. c4 Ne7 23. Rd6 Qb7 24. Nc5 Qc8 25. Ne4 Nf5 26. Rd2 Nxg3
27. hxg3 Be7 28. Rad1 Qc7 29. Bc2 Bc6 30. b3 g6 31. Kh2 Rab8 32. Nf2 Rxd2
33. Rxd2 Rd8 34. Be4 Rxd2 35. Qxd2 Be8 36. Qc3 f5 37. Bc2 Bd6 38. f4 e5 39.
fxe5 Bxe5 40. Qd3 Bc6 41. Nh3 Qd6 42. Qe3 Qd4 43. Qg5 Bf6 44. Qc1 Be5 45.
Qg5 Bf6 46. Qc1 Be5 47. Qe1 Kg7 48. b4 Qc3 49. Qf2 Qxb4 50. Ng5 Qe7 51. Qe3
f4 52. gxf4 Qxg5 53. Qxe5+ 1/2-1/2

[Event "World Cup"]
[Site "Khanty-Mansiysk RUS"]
[Date "2007.11.26"]
[Round "1.6"]
[White "Bruzon Batista,L"]
[Black "Kozul,Z"]
[Result "0-1"]
[WhiteElo "2607"]
[BlackElo "2609"]
[EventDate "2007.11.24"]

1. e4 c5 2. Nf3 d6 3. c3 Nf6 4. Bd3 Bg4 5. Bc2 Nc6 6. d3 g6 7. Nbd2 Bg7 8.
h3 Bxf3 9. Nxf3 O-O 10. O-O Nd7 11. Re1 Rc8 12. a3 b5 13. Bb3 Nb6 14. d4
cxd4 15. cxd4 d5 16. e5 a5 17. Bc2 a4 18. h4 Nc4 19. h5 e6 20. Rb1 Qb6 21.
g3 Rc7 22. Kg2 Rfc8 23. Bf4 Ne7 24. Bd3 b4 25. Rh1 b3 26. hxg6 fxg6 27. Rh4
Nf5 28. Bxf5 exf5 29. e6 Re7 30. Ng5 h6 31. Nf7 h5 32. Qf3 Qxe6 33. Ne5
Bxe5 34. Bxe5 Nd2 35. Qf4 Nxb1 36. Qg5 Rh7 37. Rh1 Nxa3 38. bxa3 Kf7 39.
Re1 h4 40. Qd2 Kg8 41. Qb4 Re8 42. Re3 hxg3 43. Bxg3 Qd7 44. Be5 f4 45.
Bxf4 Qg4+ 46. Bg3 Rxe3 47. fxe3 Qe2+ 48. Bf2 Rf7 49. Qb8+ Kh7 50. Qh2+ Qh5
0-1

[Event "World Cup"]
[Site "Khanty-Mansiysk RUS"]
[Date "2007.11.26"]
[Round "1.7"]
[White "Vitiugov,N"]
[Black "Sakaev,K"]
[Result "0-1"]
[WhiteElo "2594"]
[BlackElo "2634"]
[EventDate "2007.11.24"]

1. d4 d5 2. Nf3 Nf6 3. c4 e6 4. e3 c5 5. a3 a6 6. Nc3 Nc6 7. dxc5 Bxc5 8.
b4 Ba7 9. Bb2 O-O 10. Qc2 dxc4 11. Bxc4 Qe7 12. Ba2 Bd7 13. O-O Rac8 14.
Rad1 Rfd8 15. Bb1 g6 16. Qe2 Be8 17. Rc1 Bb8 18. h3 Ne5 19. Nxe5 Bxe5 20.
Bd3 Bb8 21. Rfd1 Bc6 22. e4 Nd7 23. Qe3 Ne5 24. Be2 Rxd1+ 25. Rxd1 Rd8 26.
f4 Rxd1+ 27. Nxd1 Nd7 28. Nf2 e5 29. f5 Bc7 30. Kh2 Bb6 31. Qg3 Bxf2 32.
Qxf2 Bxe4 33. fxg6 hxg6 34. Bc4 Bc6 35. Qg3 Kg7 36. h4 Qf6 37. Be2 Kg8 38.
Bc1 Qe7 39. h5 Qd6 40. Bc4 Bd5 41. Bxd5 Qxd5 42. hxg6 Qe4 43. gxf7+ Kxf7
44. Bg5 Ke6 45. Qh3+ Qf5 46. Qb3+ Kd6 47. Be3 Nf6 48. Bc5+ Kc6 49. Kg1 Ne4
50. Be3 Nd6 51. a4 b5 52. axb5+ axb5 53. Qa2 Qd3 54. Qa6+ Kd5 55. Qa8+ Kc4
56. Qa2+ Kxb4 57. Qb2+ Kc4 58. Qa2+ Qb3 59. Qe2+ Qd3 60. Qg4+ Qe4 61. Qe6+
Qd5 62. Qg4+ Qe4 63. Qg8+ Qd5 64. Qg4+ Qe4 65. Qe2+ Qd3 66. Qe1 b4 67. Qc1+
Qc3 68. Qf1+ Qd3 69. Qc1+ Qc3 70. Qf1+ Qd3 71. Qf3 e4 72. Qf4 b3 73. Bc1
Qd1+ 74. Kh2 Qh5+ 75. Kg1 Qd1+ 76. Kh2 Qh5+ 77. Kg1 Qd1+ 78. Kf2 Qc2+ 79.
Kg1 Qd1+ 80. Kf2 Qd4+ 81. Kf1 e3 82. Qf3 Qd3+ 83. Kg1 e2 84. Qc6+ Kb4 85.
Qb6+ Kc3 86. Qc5+ Nc4 87. Qf2 Kc2 88. Bf4 b2 89. Kh2 b1=Q 90. Bh6 Qb8+ 91.
Bf4 Qh8+ 92. Kg1 Qd1+ 0-1